[Event "TUR Cup"]
[Site "Antalya"]
[Date "2019.01.30"]
[Round "6"]
[White "Kirali, Mehmet"]
[Black "Araboga, Mesut"]
[Result "1-0"]
[WhiteElo "1890"]
[BlackElo "1697"]
[PlyCount "77"]
[EventDate "2019.01.27"]
[EventType "swiss"]
[EventRounds "11"]
[EventCountry "TUR"]
[SourceTitle "CBM 188 Extra"]
[Source "ChessBase"]
[SourceDate "2019.02.26"]
[SourceVersion "1"]
[SourceVersionDate "2019.02.26"]
[SourceQuality "1"]

1. e4 e6 2. Nf3 d5 3. Nc3 Nf6 4. Bd3 c5 5. b3 Nc6 6. 0-0 d4 7. Ne2 Bd7 8. Ng3 Qc7 9. Re1 Be7 10. Bb5 0-0-0 11. d3 h5 12. Ng5 Rdf8 13. f4 h4 14. Nf1 Nh5 15. Bxc6 Bxc6 16. Qg4 Bd7 17. e5 Qc6 18. Nd2 f5 19. Qxh4 Rh6 20. Ndf3 Rfh8 21. Qf2 Be8 22. Bd2 g6 23. a4 a5 24. h3 b6 25. Kf1 Ng7 26. Rec1 Kb7 27. c3 dxc3 28. Rxc3 Qd5 29. d4 Rh5 30. Rac1 Bc6 31. Be3 Rc8 32. dxc5 b5 33. axb5 Bxb5+ 34. Kg1 Bc6 35. Nf7 Rb8 36. Nd4 Bh4 37. Nd6+ Qxd6 38. cxd6 Bxf2+ 39. Kxf2 1-0

[Event "TUR Cup"]
[Site "Antalya"]
[Date "2017.02.02"]
[Round "8"]
[White "Gunduz, Umut Erdem"]
[Black "Kirali, Mehmet"]
[Result "0-1"]
[WhiteElo "1975"]
[BlackElo "1878"]
[PlyCount "52"]
[EventDate "2017.01.28"]
[EventType "swiss"]
[EventRounds "11"]
[EventCountry "TUR"]
[SourceTitle "CBM 176 Extra"]
[Source "ChessBase"]
[SourceDate "2017.03.02"]
[SourceVersion "1"]
[SourceVersionDate "2017.03.02"]
[SourceQuality "1"]

1. e4 e6 2. d4 d5 3. Nd2 Nf6 4. e5 Nfd7 5. Bd3 c5 6. c3 Nc6 7. Ne2 Qb6 8. Nf3 f6 9. exf6 Nxf6 10. 0-0 Bd6 11. Nf4 cxd4 12. cxd4 0-0 13. a3 Bd7 14. b4 a6 15. Re1 Ne4 16. Nh5 Nxf2 17. Kxf2 Qxd4+ 18. Be3 Qh4+ 19. Ng3 Rxf3+ 20. Kxf3 Qxh2 21. Nh1 e5 22. Qb3 e4+ 23. Bxe4 Qh5+ 24. Kf2 Rf8+ 25. Bf3 Rxf3+ 26. Ke2 Nd4+ 0-1

[Event "TUR Cup"]
[Site "Antalya"]
[Date "2017.01.29"]
[Round "3"]
[White "Sari, Yasin"]
[Black "Kirali, Mehmet"]
[Result "1-0"]
[WhiteElo "2149"]
[BlackElo "1878"]
[PlyCount "67"]
[EventDate "2017.01.28"]
[EventType "swiss"]
[EventRounds "11"]
[EventCountry "TUR"]
[SourceTitle "CBM 176 Extra"]
[Source "ChessBase"]
[SourceDate "2017.03.02"]
[SourceVersion "1"]
[SourceVersionDate "2017.03.02"]
[SourceQuality "1"]

1. e4 Nc6 2. Nf3 e5 3. d4 exd4 4. Nxd4 Nf6 5. Nxc6 bxc6 6. e5 Qe7 7. Qe2 Nd5 8. c4 Nb6 9. Nc3 Bb7 10. Bd2 0-0-0 11. 0-0-0 Qe6 12. f4 d5 13. exd6 cxd6 14. Qxe6+ fxe6 15. Re1 Kd7 16. c5 dxc5 17. Ne4 Nd5 18. Ng5 Re8 19. g3 c4 20. Nxe6 c3 21. Nxf8+ Rhxf8 22. Bh3+ Kc7 23. bxc3 Ba6 24. Bf1 Rxe1+ 25. Bxe1 Bxf1 26. Rxf1 Re8 27. g4 Re2 28. f5 Rxa2 29. g5 Re2 30. f6 gxf6 31. gxf6 Re8 32. f7 Rf8 33. Bd2 Kd7 34. Bh6 1-0

[Event "Manavgat Turkey Cup"]
[Site "Manavgat"]
[Date "2015.02.05"]
[Round "8"]
[White "Kirali, Mehmet"]
[Black "Yildizak, Goksel"]
[Result "0-1"]
[WhiteElo "1961"]
[BlackElo "1766"]
[PlyCount "78"]
[EventDate "2015.01.31"]
[EventType "swiss"]
[EventRounds "11"]
[EventCountry "TUR"]
[SourceTitle "CBM 164 Extra"]
[Source "ChessBase"]
[SourceDate "2015.03.02"]
[SourceVersion "1"]
[SourceVersionDate "2015.03.02"]
[SourceQuality "1"]

1. e4 c6 2. d4 d5 3. e5 c5 4. dxc5 Nc6 5. Bb5 e6 6. Be3 Nge7 7. Nf3 Nf5 8. Qd2 Nxe3 9. Qxe3 Qa5+ 10. Nc3 a6 11. Bxc6+ bxc6 12. 0-0 Qxc5 13. Qg5 h6 14. Qg3 g5 15. Rfd1 Qb4 16. Rab1 Be7 17. Nd4 Bd7 18. Nb3 c5 19. Qf3 g4 20. Qe3 d4 21. Qe4 Rc8 22. Ne2 h5 23. c3 dxc3 24. Nxc3 Bc6 25. Qe2 c4 26. Nd2 Qb7 27. Nde4 Kf8 28. Qe3 Rg8 29. Rd2 Rg6 30. Rbd1 Kg7 31. Kf1 Bb4 32. Re1 Rb8 33. Kg1 Bxc3 34. Nd6 Bxd2 35. Qxd2 Qxb2 36. Qf4 Rf8 37. Qxc4 Bd5 38. Qf4 h4 39. a4 g3 0-1

[Event "TUR-ch"]
[Site "Kemer"]
[Date "2011.02.08"]
[Round "5"]
[White "Kirali, Mehmet"]
[Black "Firat, Burak"]
[Result "0-1"]
[WhiteElo "2046"]
[BlackElo "2392"]
[PlyCount "94"]
[EventDate "2011.02.05"]
[EventType "swiss"]
[EventRounds "10"]
[EventCountry "TUR"]
[SourceTitle "CBM 140 Extra"]
[Source "ChessBase"]
[SourceDate "2011.03.01"]
[SourceVersion "1"]
[SourceVersionDate "2011.03.01"]
[SourceQuality "1"]

1. d4 Nf6 2. Nf3 d5 3. c4 c6 4. Nc3 dxc4 5. a4 Bf5 6. Ne5 e6 7. e3 Bb4 8. Bxc4 Nbd7 9. Nxd7 Nxd7 10. 0-0 0-0 11. e4 Bg6 12. f3 e5 13. d5 Nb6 14. Bb3 Qe7 15. Be3 Bc5 16. Qe2 Bd4 17. a5 Qb4 18. Ba2 Qxa5 19. Bxd4 exd4 20. dxc6 Qc5 21. Nd5 d3+ 22. Qf2 Qxf2+ 23. Rxf2 bxc6 24. Ne7+ Kh8 25. Nxc6 Rfe8 26. g4 Rac8 27. Nb4 Red8 28. Rd1 Rd4 29. Nxd3 h5 30. h3 f5 31. gxf5 Be8 32. Rfd2 Rcd8 33. Kf2 Ba4 34. b3 Nc4 35. Rc2 Na3 36. Rcd2 Bb5 37. Ke3 Bxd3 38. b4 Bb5 39. Bd5 Nc2+ 40. Kf4 Rxd2 41. Rxd2 Nxb4 42. Ke5 a5 43. Rg2 Nxd5 44. exd5 a4 45. Ke6 Bc4 46. f6 gxf6 47. Kxf6 a3 0-1

[Event "Saraybahce GP"]
[Site "Kocaeli"]
[Date "2002.08.22"]
[Round "6"]
[White "Shukurova, Meihriban"]
[Black "Kirali, Mehmet"]
[Result "1-0"]
[WhiteElo "2238"]
[BlackElo "2075"]
[PlyCount "69"]
[EventDate "2002.08.17"]
[EventType "swiss"]
[EventRounds "9"]
[EventCountry "TUR"]
[SourceTitle "CBM 089 Extra"]
[Source "ChessBase"]
[SourceDate "2002.09.10"]
[SourceVersion "2"]
[SourceVersionDate "2002.09.10"]
[SourceQuality "1"]

1. e4 e5 2. Nf3 Nc6 3. Bb5 Nf6 4. d4 exd4 5. 0-0 Be7 6. Re1 0-0 7. e5 Ne8 8. Nxd4 Nxd4 9. Qxd4 d5 10. Nc3 Be6 11. Na4 c6 12. Bd3 b6 13. b4 Rc8 14. c3 Qd7 15. Bc2 Bf5 16. Bb3 Nc7 17. Be3 Be4 18. Qd1 Qe6 19. Bxb6 Bxg2 20. Kxg2 axb6 21. Nxb6 Rb8 22. Na4 Qh6 23. Nb2 Ne6 24. Nd3 Bg5 25. Qg4 Qg6 26. Rad1 h5 27. Qg3 h4 28. Qg4 f5 29. exf6 Rxf6 30. Ne5 Qh6 31. Nd7 Rbf8 32. Nxf6+ Rxf6 33. Rxe6 Rxe6 34. Rxd5 Rg6 35. Rxg5+ 1-0